Consejo Superior: acuerdos 1997

Gespeichert in:
Bibliographische Detailangaben
Körperschaft: Universidad Católica de Valparaíso (VerfasserIn)
Format: Buch
Sprache:Spanisch
Veröffentlicht: Valparaíso Universidad Católica de Valparaíso 1997
Schlagworte:
Tags: Tag hinzufügen
Keine Tags, Fügen Sie den ersten Tag hinzu!

MARC

LEADER 00000cam a2200000 a 4500
001 UCF7226
003 CL-VaPUC
008 130613e19970000CL |||||||||||||||||spa|d
082 0 4 |a 378.071  |b UNI  |2 21 
110 2 |a Universidad Católica de Valparaíso  |e author  |9 569237 
245 1 0 |a Consejo Superior: acuerdos 1997 
300 |a 75 p 
942 |c BK 
945 |d 20130613 00:00:00  |a dcastane 
260 |a Valparaíso  |b Universidad Católica de Valparaíso  |c 1997 
650 0 |a Universidades  |9 256317 
650 0 |a Universidades chilenas  |9 407335 
650 0 |a Educación superior   |9 223851 
583 |a last modification  |c 20130926 04:09:14  |k Rodrigo Vera 
999 |c 352131  |d 352129 
952 |0 0  |1 0  |4 0  |6 378_071000000000000_UNI_1997  |7 0  |8 X  |9 456682  |a FDOBUD  |b FDOBUD  |d 2019-11-22  |i 4977580  |o 378.071 UNI 1997  |p 4977580  |r 2019-11-22  |w 2019-11-22  |y BK_X  |k FHP